-
SHARMA, SONALI AND THOMAS, POOJA
Entry Personal Name
Number of records used in: 1
001 - CONTROL NUMBER
003 - CONTROL NUMBER IDENTIFIER
005 - DATE AND TIME OF LATEST TRANSACTION
- control field:
20251013150556.0
008 - FIXED-LENGTH DATA ELEMENTS
- fixed length control field:
251013|| aca||aabn | a|a d
040 ## - CATALOGING SOURCE
- Original cataloging agency:
JRU
- Transcribing agency:
JRU
100 ## - HEADING--PERSONAL NAME
- Personal name:
SHARMA, SONALI AND THOMAS, POOJA
670 ## - SOURCE DATA FOUND
- Source citation:
Work cat.: (JRU)8901: SHARMA, SONALI AND THOMAS, POOJA , BANKUNG LAW & INSURANCE Leading cases and materials